Secondary mortagage markets and federal housing policy. (Record no. 28499)

000 -LEADER
fixed length control field 00355pab a2200133 454500
008 - FIXED-LENGTH DATA ELEMENTS--GENERAL INFORMATION
fixed length control field 180718b1995 xxu||||| |||| 00| 0 eng d
100 ## - MAIN ENTRY--PERSONAL NAME
Personal name MacDonald, Heather
245 ## - TITLE STATEMENT
Title Secondary mortagage markets and federal housing policy.
260 ## - PUBLICATION, DISTRIBUTION, ETC.
Date of publication, distribution, etc. 1995
300 ## - PHYSICAL DESCRIPTION
Extent p.53-79
650 ## - SUBJECT ADDED ENTRY--TOPICAL TERM
Topical term or geographic name entry element Housing - U.S.A.
773 ## - HOST ITEM ENTRY
Main entry heading Journal of Urban Affairs
909 ## -
-- 28499
Holdings
Withdrawn status Lost status Damaged status Not for loan Permanent Location Current Location Date acquired Serial Enumeration / chronology Barcode Date last seen Price effective from Koha item type
        Indian Institute of Public Administration Indian Institute of Public Administration 2018-07-19 Volume no: 17, Issue no: 1 AR28608 2018-07-19 2018-07-19 Articles

Powered by Koha